=LDR 00000nam 2200000 4500 =001 INLIS000000000059873 =005 20211209105451 =035 ##$$a 0010-1221000100 =007 ta =008 211209###########################0#ind## =020 ##$$a tidak Teridentifikasi =082 ##$$a R.352.102 6 =084 ##$$a R.352.102 6 Ind u =245 ##$$a Undang- Undang No. 17 Ttg Keuangan Negara Th 2004 /$c Indonesia =300 ##$$a 239 halaman ; $c 20 cm =650 #4$$a Keuangan Negara - Undang2 dan Peraturan =264 ##$$a Jakarta :$b Tamita Utama,$c 2004 =336 ##$$a teks$2 rdacontent =337 ##$$a lain-lain$2 rdamedia =338 ##$$a lain-lain$2 rdacarrier =990 ##$$a 35013501